000
00345 a2200169 4500
001
62047
020
_a
9788532260697
040
_c
Anchieta - Pituba
100
_a
Alencar, José de
240
1
0
_a
A viuvinha
_l
por
245
1
0
_a
A viuvinha
300
_a
79
362
0
_a
1999
440
1
_a
FTD
650
4
_a
Ficção brasileira
942
_c
BK
999
_c
62047
_d
62047